000
00237 a2200085 4500
001
57510
090
_c
35240
_d
35240
245
_a
Story of the Pakistan Air Force (1988-1998); a battle against odds
260
_a
Karachi
_b
Oxford University Press
_c
2000
942
_a
NUST-CAE
999
_c
292583
_d
292583